New assured shorthold model tenancy agreement launched (Record no. 71785)

MARC details
000 -LEADER
fixed length control field 01183cam a2200205 4500
001 - CONTROL NUMBER
control field ABS66273
008 - FIXED-LENGTH DATA ELEMENTS--GENERAL INFORMATION
fixed length control field 021217n2002 000 0 eng u
035 ## - SYSTEM CONTROL NUMBER
System control number (Sirsi) u120803
100 ## - MAIN ENTRY--PERSONAL NAME
Personal name Holloway, D
245 ## - TITLE STATEMENT
Title New assured shorthold model tenancy agreement launched
260 ## - PUBLICATION, DISTRIBUTION, ETC.
Date of publication, distribution, etc. 2002
490 ## - SERIES STATEMENT
Series statement RICS Residential Faculty Residential Newsletter
Volume/sequential designation 2(5) November 2002, 3(1)
520 ## - SUMMARY, ETC.
Summary, etc. The new regulations apply to tenancy agreements which use 'standard terms' and where the tenant is a 'private consumer'. RICS has issued the agreement to meet the requirements of the Unfair Contract Terms Regulations. It contains major changes which will move the balance of agreement, and intends to create a new climate of fairness between the landlord and tenant. Advises discontinuance of use of old and out of date forms, as they will contain unfair and unenforceable terms. The new forms are available from RICS Books at +44 (0)20 7222 7000
590 ## - LOCAL NOTE (RLIN)
Local note ABS
650 ## - SUBJECT ADDED ENTRY--TOPICAL TERM
Topical term or geographic name entry element ASSURED SHORTHOLD TENANCIES
650 ## - SUBJECT ADDED ENTRY--TOPICAL TERM
Topical term or geographic name entry element UNFAIR TERMS
650 ## - SUBJECT ADDED ENTRY--TOPICAL TERM
Topical term or geographic name entry element UNFAIR CONTRACT TERMS
690 ## - LOCAL SUBJECT ADDED ENTRY--TOPICAL TERM (OCLC, RLIN)
Topical term or geographic name as entry element PROPERTY-RESIDENTIAL PROPERTY-RESIDENTIAL LANDLORD AND TENANT-RESIDENTIAL TENANCIES
942 ## - ADDED ENTRY ELEMENTS (KOHA)
Suppress in OPAC 0
Holdings
Withdrawn status Lost status Source of classification or shelving scheme Damaged status Not for loan Home library Current library Shelving location Date acquired Total Checkouts Full call number Barcode Date last seen Copy number Price effective from Koha item type
    Dewey Decimal Classification     London London Journal article 17/12/2002   ABS66273 120803-1001 06/08/2019 1 06/08/2019 Journal article